| Tag |
First Indicator |
Second Indicator |
Subfields |
| LEADER |
00000cam a2200000 a 4500 |
| 001 |
in00001408095 |
| 005 |
20151020060602.0 |
| 008 |
970909s1997 dcuab bs 000 0 eng |
| 010 |
|
|
|a 97036834
|
| 020 |
|
|
|a 089629109X
|
| 035 |
|
|
|a (OCoLC)37625595
|
| 035 |
|
|
|9 AHN7442AM
|
| 040 |
|
|
|a DLC
|c DLC
|d C#P
|d AGL
|d TXA
|d UtOrBLW
|
| 043 |
|
|
|a a-bg---
|
| 049 |
|
|
|a TXAM
|
| 050 |
0 |
0 |
|a HD9049.W5
|b B315 1997
|
| 070 |
0 |
|
|a HD9000.6.I54
|b no.106
|
| 072 |
|
0 |
|a E700
|
| 082 |
0 |
0 |
|a 338.1/7311/095492
|2 21
|
| 100 |
1 |
|
|a Morris, Michael L.
|
| 245 |
1 |
0 |
|a Wheat production in Bangladesh :
|b technological, economic, and policy issues /
|c Michael L. Morris, Nuimuddin Chowdhury, Craig Meisner.
|
| 264 |
|
1 |
|a Washington, D.C. :
|b International Food Policy Research Institute,
|c [1997]
|
| 264 |
|
4 |
|c ©1997
|
| 300 |
|
|
|a xi, 95 pages :
|b illustrations, map ;
|c 26 cm.
|
| 336 |
|
|
|a text
|b txt
|2 rdacontent
|
| 337 |
|
|
|a unmediated
|b n
|2 rdamedia
|
| 338 |
|
|
|a volume
|b nc
|2 rdacarrier
|
| 490 |
1 |
|
|a Research report ;
|v 106
|
| 504 |
|
|
|a Includes bibliographical references (pages 90-95).
|
| 650 |
|
0 |
|a Wheat trade
|z Bangladesh.
|
| 650 |
|
0 |
|a Wheat trade
|x Government policy
|z Bangladesh.
|
| 700 |
1 |
|
|a Chowdhury, Nuimuddin,
|d 1948-
|
| 700 |
1 |
|
|a Meisner, Craig.
|
| 830 |
|
0 |
|a Research report (International Food Policy Research Institute) ;
|v 106.
|
| 948 |
|
|
|a c:blr
|
| 999 |
|
|
|a MARS
|
| 999 |
f |
f |
|s 47079d37-6997-3ee2-aa18-1f2b9dc55ca6
|i 3a478596-1dc1-37d8-9448-b3abd40368aa
|t 0
|
| 952 |
f |
f |
|p ric
|a Texas A&M University
|b Rellis Campus
|c Joint Library Facility
|d Remote Storage
|t 0
|e HD9049.W5 B315 1997
|h Library of Congress classification
|i unmediated -- volume
|m A14822104623
|
| 998 |
f |
f |
|a HD9049.W5 B315 1997
|t 0
|l Remote Storage
|